ARRUPE JESUIT UNIVERSITY

CORONAVIRUS -STOP THE SPREAD - CLEAN,DISINFECT,COVER

Swinburne poems (Record no. 130123)

MARC details
000 -LEADER
fixed length control field 00381nam a22001337a 4500
008 - FIXED-LENGTH DATA ELEMENTS--GENERAL INFORMATION
fixed length control field 191204b ||||| |||| 00| 0 eng d
050 ## - LIBRARY OF CONGRESS CALL NUMBER
Classification number PR5510.2.D3
100 ## - MAIN ENTRY--PERSONAL NAME
Personal name Swinburne, Charles A.
9 (RLIN) 48907
245 ## - TITLE STATEMENT
Title Swinburne poems
Statement of responsibility, etc Carles A. Swinburne
260 ## - PUBLICATION, DISTRIBUTION, ETC. (IMPRINT)
Place of publication, distribution, etc London
Name of publisher, distributor, etc David McKay
Date of publication, distribution, etc No date
300 ## - PHYSICAL DESCRIPTION
Extent xiv, 661p. ;
Dimensions 21cm.
500 ## - GENERAL NOTE
General note v.1 of 2 volumes
942 ## - ADDED ENTRY ELEMENTS (KOHA)
Source of classification or shelving scheme Library of Congress Classification
Item type Monograph ( Printed materials)
Holdings
Withdrawn status Lost status Source of classification or shelving scheme Damaged status Not for loan Collection code Home library Current library Shelving location Date acquired Total Checkouts Full call number Barcode Date last seen Price effective from Koha item type
    Library of Congress Classification     Main Collection ARRUPE LIBRARY ARRUPE LIBRARY Main Collection 04/12/2019   PR5510.2.D3 46600006100 04/12/2019 04/12/2019 Monograph ( Printed materials)

 

Arrupe Library. PO Box MP320 Mt Pleasant, Harare, Zimbabwe
263 242 745411|librarian@aju.ac.zw